01159nac a22002891i 4500003000900000005001700009008004100026020001500067040004300082082002200125100004400147245016800191264008200359264001000441300004500451336002600496337002800522338002700550504005200577650002600629650002200655650002800677655001700705942001200722999001500734952012000749EG-ScBUE20250716085349.0250716t1985 enka f b 001 0 eng d a0198551630 aEG-ScBUEbengerdacEG-ScBUEdEG-ScBUE04a541.3453bGAS2221 aGasser, R. P. H., eauthor.13aAn introduction to chemisorption and catalysis by metals /cR.P.H. Gasser, formerly University Lecturer in Physical Chemistry and fellow of Corpus Christi, Oxford. 1aOxford : bClarendon Press ; aNew York : bOxford University Press,c[1985] 4cc1985 axii, 260 pages :billustrations ;c24 cm 2rdacontentatextbtxt aunmediated2rdamediabn avolumebnc2rdacarrier aIncludes bibliographical references and index.  7aChemisorption.2BUEsh 7aCatalysis.2BUEsh 7aMetal catalysts.2BUEsh vReading book cBB2ddc c6470d6470 00102ddc40708BaccahaMAINbMAINc1STd2007-11-25ePurchasel0o541.3453 GASp000007863r2025-07-15 00:00:00yBB